000 00475nam a22001697a 4500
005 20251108171137.0
008 250721s9999 xx 000 0 ara d
082 1 4 _aط/529/عبد
100 1 _aرؤوف، عبد الاله
245 1 0 _aقصة الوقت /
264 1 _aبغداد :
_bدائرة ثقافة الأطفال،
_c[19-].
300 _a29ص
490 0 _aالسلسة العلمية ، 21
650 1 7 _aالتوقيت
942 _2ddc
_cBK
999 _c57717
_d57717